| 000 | 01671nam a22002537a 4500 | ||
|---|---|---|---|
| 999 |
_c62078 _d62078 |
||
| 003 | Ge_BSU | ||
| 005 | 20240704122948.0 | ||
| 008 | 240704s2019 ge ||||| |||| 00| 0 geo d | ||
| 020 | _a9789941136351 | ||
| 041 | _ageo | ||
| 080 | _a005(075.8)რ-71 | ||
| 100 |
_aრობინსი, სტეფენ, ავტორი. _922706 |
||
| 245 |
_aმენეჯმენტი : _b [სახელმძღვანელო] / _c სტეფენ პ. რობინსი, მარი კოულტერი ; მთარგმნელები: დავით ნარმანია (სამეცნიერო რედაქტორი), ნუგზარ პაიჭაძე (რედაქტორი), თემურ ხომერიკი (რედაქტორი) [და სხვა]. |
||
| 250 | _aმე-12 გამოცემა | ||
| 264 |
_aთბილისი : _bთბილისის უნივერსიტეტის გამომცემლობა, _c2019. |
||
| 300 |
_a798 გვ. : _bილ. ; _c28 სმ. |
||
| 501 | _aშენიშვნები: გვ. 708-766.ტერმინთა განმარტება: გვ . 767-787. საძიებლები: გვ. 788-796. | ||
| 546 | _aთავფურცლის მე-3 გვერდი ინგლისურ ენაზე. | ||
| 653 | _aმენეჯმენტი | ||
| 653 | _aManagement | ||
| 700 |
_aკოულტერი, მარი _922707 |
||
| 700 |
_aნარმანია, დავით და სხვ _eმთარგმნელი _922708 |
||
| 942 |
_2udc _cᲬᲘᲒᲜᲘ |
||